000 00578nam a2200205Ia 4500
003 GCL
008 140319s9999 xx 000 0 ara d
040 _aGCL /
_cGCL
082 0 4 _a812
_bف م
100 1 _aفاروق منيب
245 1 0 _aالمطرود: مسرحية من ثلاثة فصول /
_cفاروق منيب
300 _a166 ص
490 _aمسرحيات عالمية
_v0
650 0 4 _aالادب العربى
650 0 4 _aالادب
650 0 4 _aالقصص
650 0 4 _aالدراما
650 0 4 _aالمسرحيات العربية
942 _2ddc
_cBK
999 _c40906
_d40906